Mexican Textiles : Spirit and Style /

Texto que, acompañado de gran cantidad de fotografías, pone de manifiesto la diversidad, colorido y plasticidad del diseño textil mexicano y sus distintas manifestaciones (vestidos, tapices, rebozos y chales, etc.).

Guardado en:
Detalles Bibliográficos
Autor principal: Takahashi, Masako (autor)
Otros autores: Cohan, Tony (introducción) (introducción)
Formato: Libro
Idioma:Inglés
Publicado: San Francisco, EUA : Chronicle Books, 2003, c2003
Temas:
Etiquetas: Agrega una etiqueta
Sin etiquetas, Sé el primero en etiquetar este registro!

MARC

LEADER 00000nam^a2200000^a^4500
001 000182428
005 20250521000000.0
009 20260310102007.241
020 |a 0-8118-3378-X 
037 |a Acervo ITESO - Biblioteca 
041 |a ING 
082 |a 746. 10972  |b TAK 
100 |a Takahashi, Masako  |e (autor) 
240 1 1 |a [Textiles mexicanos: arte y estilo] 
245 1 0 |a Mexican Textiles :  |b Spirit and Style /  |c M. Takahashi ; introd. de T. Cohan. 
264 4 |a San Francisco, EUA :  |b Chronicle Books,  |c 2003, c2003 
300 |a 143 p. 
336 |a texto  |b txt  |2 rdacontenido 
337 |a sin mediación  |b n  |2 rdamedio 
338 |a volumen  |b nc  |2 rdasoporte 
520 |a Texto que, acompañado de gran cantidad de fotografías, pone de manifiesto la diversidad, colorido y plasticidad del diseño textil mexicano y sus distintas manifestaciones (vestidos, tapices, rebozos y chales, etc.). 
649 |a XX 
650 |a Algodón -  |z México 
650 |a Fibras Textiles -  |z México 
650 |a Vestido -  |z México 
650 |a Rebozos -  |z México 
650 |a Alfombras y Tapices -  |z México 
650 |a Diseño Textil -  |z México 
650 |a Diseño Mexicano 
650 |a Decoración y Ornamentación -  |z México 
650 |a Artesanía -  |z México 
650 |a Arte Popular -  |z México 
650 |a Arte Mexicano 
700 |a Cohan, Tony  |e (introducción) 
910 |a Fondo General 
920 |a Impresos - Libros 
930 |a Reserva Especial 
905 |a 103 
901 |a 0500121999  |b IT1  |c REE  |u 20250521 
902 |a https://opac.biblio.iteso.mx/vufind/Record/000182428